A CONCISE BOOK OF COSMETIC SCIENCE (Record no. 32838)

MARC details
000 -LEADER
fixed length control field 00351nam a22001577a 4500
003 - CONTROL NUMBER IDENTIFIER
control field SGT
020 ## - INTERNATIONAL STANDARD BOOK NUMBER
International Standard Book Number 9384266167
082 ## - DEWEY DECIMAL CLASSIFICATION NUMBER
Classification number 668.5
Item number KUM
100 ## - MAIN ENTRY--PERSONAL NAME
Personal name KUMAR DALIP J
245 ## - TITLE STATEMENT
Title A CONCISE BOOK OF COSMETIC SCIENCE
250 ## - EDITION STATEMENT
Edition statement 2ND
260 ## - PUBLICATION, DISTRIBUTION, ETC. (IMPRINT)
Place of publication, distribution, etc INDIA
Name of publisher, distributor, etc BIRLA PUB
Year of Publication 2025
300 ## - PAGE DESCRIPTION
No. of Pages 128
650 ## - SUBJECT ADDED ENTRY--TOPICAL TERM
Topical term or geographic name as entry element PHARMACEUTICAL SCIENCES
942 ## - ADDED ENTRY ELEMENTS (KOHA)
Source of classification or shelving scheme Dewey Decimal Classification
Koha item type Books
Holdings
Withdrawn status Lost status Source of classification or shelving scheme Damaged status Not for loan Collection code Home library Current library Shelving location Date acquired Vendor Name Cost, normal purchase price SGTU Bill Number Full call number Accession No. (Barcode) Date last seen Bill Date Koha item type Total Checkouts
    Dewey Decimal Classification   Not For Loan SCIENCE SGT Science & Social Sciences Library SGT Science & Social Sciences Library Reference Book 16/10/2025 ABC DELHI 200.00 SGTU 21721 668.5 KUM DP436 16/10/2025 17/09/2025 Books  
    Dewey Decimal Classification     SCIENCE SGT Science & Social Sciences Library SGT Science & Social Sciences Library Text Book 16/10/2025 ABC DELHI 200.00 SGTU 21721 668.5 KUM DP437 16/10/2025 17/09/2025 Books  
    Dewey Decimal Classification     SCIENCE SGT Science & Social Sciences Library SGT Science & Social Sciences Library Text Book 16/10/2025 ABC DELHI 200.00 SGTU 21721 668.5 KUM DP438 16/10/2025 17/09/2025 Books  
    Dewey Decimal Classification     SCIENCE SGT Science & Social Sciences Library SGT Science & Social Sciences Library Text Book 16/10/2025 ABC DELHI 200.00 SGTU 21721 668.5 KUM DP439 16/10/2025 17/09/2025 Books  
    Dewey Decimal Classification     SCIENCE SGT Science & Social Sciences Library SGT Science & Social Sciences Library Text Book 16/10/2025 ABC DELHI 200.00 SGTU 21721 668.5 KUM DP440 16/10/2025 17/09/2025 Books